| 000 | 00699nam a22002417a 4500 | ||
|---|---|---|---|
| 999 |
_c6348 _d6348 |
||
| 003 | AR-CdUCM | ||
| 008 | 190315b ||||| |||| 00| 0 spa d | ||
| 020 | _a958-8096-33-2 | ||
| 040 |
_aMUNICIPALIDAD PROVINCIAL DEL CUSCO _cBIBLIOTECA MUNICIPAL DEL CUSCO |
||
| 082 |
_a801.951 / _bG96 |
||
| 100 |
_aGutiérrez Riveros, Lilia _918132 |
||
| 245 | _aIntervalos / | ||
| 260 |
_aBogota : _bContracartel, _c2005. |
||
| 300 |
_a88 páginas ; _c20 cm. |
||
| 440 |
_aPoesía _918133 |
||
| 505 | _aContenido : Poemas de Lilia G. | ||
| 650 |
_aPoesía _9444 |
||
| 650 |
_aPoetas colombianos _915152 |
||
| 650 |
_aColombia _9140 |
||
| 650 |
_aLiteratura _9416 |
||
| 942 |
_2ddc _cLIBROS |
||
| 945 | _admma | ||